The paradox of choice : (Record no. 853)

MARC details
000 -LEADER
fixed length control field 00609nam a2200205 ar4500
001 - CONTROL NUMBER
control field 853
005 - DATE AND TIME OF LATEST TRANSACTION
control field 20221127090033.0
008 - FIXED-LENGTH DATA ELEMENTS--GENERAL INFORMATION
fixed length control field 080611s xxu a 00110|eng d
020 ## - INTERNATIONAL STANDARD BOOK NUMBER
International Standard Book Number 0060005696
041 0# - LANGUAGE CODE
Language code of text/sound track or separate title Eng
082 04 - DEWEY DECIMAL CLASSIFICATION NUMBER
Classification number 153.83
Item number Sch96 2004
Edition number 22
100 1# - MAIN ENTRY--PERSONAL NAME
Personal name Schwartz, Barry,
Dates associated with a name 1837-1923.
245 14 - TITLE STATEMENT
Title The paradox of choice :
Remainder of title why more is less /
Statement of responsibility, etc. B. Schwartz.
250 ## - EDITION STATEMENT
Edition statement 1st ed.
260 ## - PUBLICATION, DISTRIBUTION, ETC.
Place of publication, distribution, etc. New York :
Name of publisher, distributor, etc. ECCO,
Date of publication, distribution, etc. 2004.
300 ## - PHYSICAL DESCRIPTION
Extent xi, 265 p. :
Other physical details ill. ;
Dimensions 21 cm.
504 ## - BIBLIOGRAPHY, ETC. NOTE
Bibliography, etc. note Includes bibl. references and index.
650 #4 - SUBJECT ADDED ENTRY--TOPICAL TERM
Topical term or geographic name entry element Choice(Psychology).
650 #4 - SUBJECT ADDED ENTRY--TOPICAL TERM
Topical term or geographic name entry element Decision making
General subdivision Psychological aspects.

No items available.